000 00486nam a2200169Ia 4500
003 GCL
008 140319s9999 xx 000 0 eng d
040 _aGCL /
_cGCL
082 0 4 _a332.0415
_bR I
100 1 _aREILLY, FRANK K
245 1 0 _aINVESTEMENT ANALYSIS AND PORTFOLIO MANAGEMENT /
_cREILLY, FRANK K
700 1 _aCHANCE, DON M.
260 _a[S.N] :
_bHARCOUT BRAUCE COLLEGE PUBLISHRES ،
_c1994
650 0 4 _aPORTFOLIO MANAGEMENT
650 0 4 _aINVESTMENTS
942 _2ddc
_cBK
999 _c16823
_d16823